Essentials of automated acquisition / (Record no. 132999)
[ view plain ]
| 000 -LEADER | |
|---|---|
| fixed length control field | 00736nam a22002657a 4500 |
| 003 - CONTROL NUMBER IDENTIFIER | |
| control field | 0 |
| 005 - DATE AND TIME OF LATEST TRANSACTION | |
| control field | 20180804105551.0 |
| 008 - FIXED-LENGTH DATA ELEMENTS--GENERAL INFORMATION | |
| fixed length control field | 0 |
| 010 ## - LIBRARY OF CONGRESS CONTROL NUMBER | |
| LC control number | B-058835 |
| 020 ## - INTERNATIONAL STANDARD BOOK NUMBER | |
| Terms of availability | 675.00 |
| International Standard Book Number | 8170003296 |
| 035 ## - SYSTEM CONTROL NUMBER | |
| System control number | B-058835, B-058837 |
| 037 ## - SOURCE OF ACQUISITION | |
| Source of stock number/acquisition | Cen Lib/Ret |
| 040 ## - CATALOGING SOURCE | |
| Original cataloging agency | DPL |
| Language of cataloging | EN |
| Transcribing agency | 0 |
| 082 ## - DEWEY DECIMAL CLASSIFICATION NUMBER | |
| Classification number | 025.2 |
| Item number | PAD |
| 100 ## - MAIN ENTRY--PERSONAL NAME | |
| Personal name | Padmajam, C. K. |
| 9 (RLIN) | 36471 |
| 245 ## - TITLE STATEMENT | |
| Title | Essentials of automated acquisition / |
| Statement of responsibility, etc | By C. K. Padmajam |
| 246 ## - VARYING FORM OF TITLE | |
| Remainder of title | |
| 260 ## - PUBLICATION, DISTRIBUTION, ETC. (IMPRINT) | |
| Name of publisher, distributor, etc | Ess Ess Publications |
| Date of publication, distribution, etc | 2002 |
| Place of publication, distribution, etc | New Delhi |
| 270 ## - ADDRESS | |
| City | New Delhi |
| Address | 4837/24, Ansari Road, Darya Ganj |
| Postal code | 110002 |
| 300 ## - PHYSICAL DESCRIPTION | |
| Extent | 330p. |
| Dimensions | 22cm(Hb) |
| 500 ## - GENERAL NOTE | |
| General note | Includes index |
| 650 ## - SUBJECT ADDED ENTRY--TOPICAL TERM | |
| Topical term or geographic name as entry element | Library science |
| 9 (RLIN) | 36472 |
| 650 ## - SUBJECT ADDED ENTRY--TOPICAL TERM | |
| Topical term or geographic name as entry element | Automation |
| 9 (RLIN) | 1132 |
| 942 ## - ADDED ENTRY ELEMENTS (KOHA) | |
| Source of classification or shelving scheme | Dewey Decimal Classification |
| Koha item type | English Books |
| Classification part | 025.2 |
| Call number suffix | PAD |
| Withdrawn status | Lost status | Damaged status | Not for loan | Home library | Current library | Date acquired | Source of acquisition | Cost, normal purchase price | Total Checkouts | Full call number | Barcode | Date last seen | Date checked out | Copy number | Cost, replacement price | Price effective from | Koha item type | Source of classification or shelving scheme | Collection code |
|---|---|---|---|---|---|---|---|---|---|---|---|---|---|---|---|---|---|---|---|
| Central Library | Central Library | 24/07/2015 | Cen Lib/Ret | 675.00 | 1 | 025.2 PAD | B-058835 | 08/05/2024 | 27/03/2024 | 1 | 675.00 | 24/07/2015 | English Books | ||||||
| Patel Nagar | Patel Nagar | 04/08/2018 | BPPD/PUB | 675.00 | 025.2 PAD | B-058837 | 04/08/2018 | 675.00 | 04/08/2018 | English Books | Dewey Decimal Classification | Non-fiction |
